000 00271nam a22001097a 4500
082 _a332.642 PIC
100 _aPICKARD W.T. & LEWIS L.E.A
245 _aTHE INVESTMENT
260 _aLONDON
_bTHE BULDING SOCIETIES INSTITUTE
_c1988
300 _a43p.
_b:ill.;21cm
942 _cBK
999 _c19791
_d19791